[Event "May TNT"]
[Site "Winnipeg CAN"]
[Date "2006.05.02"]
[Round "1"]
[White "Van Wyk, Joseph"]
[Black "Booth, Kevin"]
[Result "1/2-1/2"]
[WhiteElo "1885"]
[BlackElo "1574"]
[PlyCount "66"]
[EventDate "2006.05.02"]
[EventType "swiss"]
[EventRounds "2"]
[EventCountry "CAN"]

1. e4 e5 2. Nf3 Nc6 3. d4 exd4 4. c3 dxc3 5. Nxc3 d6 6. Bc4 Be6 7. Bxe6 fxe6 8.
Qb3 Qd7 9. Ng5 d5 10. exd5 exd5 11. Qxd5 Nf6 12. Qxd7+ Kxd7 13. O-O Re8 14. Bf4
Bc5 15. Rad1+ Kc8 16. Rfe1 Nd4 17. Na4 Ne2+ 18. Rxe2 Rxe2 19. Nxc5 Rhe8 20. Nd3
h6 21. Nf3 g5 22. Be5 Nd7 23. Bg7 R2e6 24. h3 Rg8 25. Bc3 Nb6 26. Nd4 Rd6 27.
Nf5 Rd7 28. Re1 Rf8 29. Ne7+ Kb8 30. Nc5 Rd6 31. Be5 Rd2 32. Bxc7+ Ka8 33. Ng6
Rc8 1/2-1/2

[Event "May TNT"]
[Site "Winnipeg CAN"]
[Date "2006.05.02"]
[Round "1"]
[White "Wierda, John"]
[Black "Trueman, Francis"]
[Result "1-0"]
[WhiteElo "1791"]
[BlackElo "1438"]
[PlyCount "81"]
[EventDate "2006.05.02"]
[EventType "swiss"]
[EventRounds "2"]
[EventCountry "CAN"]

1. g3 d6 2. Nf3 Nf6 3. Bg2 g6 4. O-O Bg7 5. c4 O-O 6. Nc3 e5 7. d3 Nbd7 8. Bg5
h6 9. Bd2 c6 10. b4 Re8 11. Qc2 Qe7 12. Rab1 Nb6 13. a4 Be6 14. Ne1 Bf5 15. a5
Nxc4 16. Bc1 e4 17. dxc4 e3 18. Nd3 exf2+ 19. Kh1 Ng4 20. e4 Be6 21. Nxf2 Bxc4
22. Ne2 Ne5 23. Bf4 Be6 24. Nd4 Bd7 25. Rfd1 Rac8 26. Ne2 c5 27. bxc5 Rxc5 28.
Qd2 Nc4 29. Bxd6 Qe6 30. Qb4 Rb5 31. Bh3 f5 32. exf5 Qxe2 33. Bg2 Qxd1+ 34.
Nxd1 Rxb4 35. Bxb4 Bf8 36. Bc3 Bg7 37. Rxb7 Bxc3 38. Bd5+ Be6 39. Bxe6+ Rxe6
40. Nxc3 a6 41. Nd5 1-0

[Event "May TNT"]
[Site "Winnipeg CAN"]
[Date "2006.05.02"]
[Round "1"]
[White "Wood, Nathan"]
[Black "Lauritson, Jim"]
[Result "1-0"]
[WhiteElo "1577"]
[BlackElo "1894"]
[PlyCount "79"]
[EventDate "2006.05.02"]
[EventType "swiss"]
[EventRounds "2"]
[EventCountry "CAN"]

1. e4 c5 2. Nf3 e6 3. d4 cxd4 4. Nxd4 Nc6 5. Nb5 d6 6. c4 Nf6 7. N1c3 a6 8. Na3
b6 9. Be2 Bb7 10. O-O Be7 11. Be3 O-O 12. Nc2 Qc7 13. f3 Ne5 14. b3 Rfd8 15.
Na4 Nfd7 16. Rc1 Nc5 17. Nc3 Rac8 18. f4 Ned7 19. Bf3 Nf6 20. f5 Nfxe4 21. Nxe4
Nxe4 22. fxe6 fxe6 23. Nd4 Nc5 24. b4 e5 25. bxc5 dxc5 26. Bg4 cxd4 27. Be6+
Kh8 28. Qh5 Qc6 29. Bd5 Rxd5 30. cxd5 Qg6 31. Rxc8+ Bxc8 32. Qxe5 Bf6 33. Qxd4
Bh3 34. Qd2 h6 35. Bxb6 Bc3 36. Qf2 Bxg2 37. Qxg2 Qxb6+ 38. Kh1 Qd6 39. Qf3 Bf6
40. Rc1 1-0

[Event "May TNT"]
[Site "Winnipeg CAN"]
[Date "2006.05.09"]
[Round "2"]
[White "Anderson, George"]
[Black "Greenberg, Harley"]
[Result "0-1"]
[WhiteElo "1524"]
[BlackElo "1719"]
[PlyCount "34"]
[EventDate "2006.05.02"]
[EventType "swiss"]
[EventRounds "2"]
[EventCountry "CAN"]

1. a3 d5 2. b4 Nf6 3. e3 e5 4. Bb2 Bd6 5. c4 dxc4 6. Bxc4 O-O 7. h3 b6 8. Nc3
Bb7 9. Nf3 Nbd7 10. Qb3 a6 11. a4 b5 12. axb5 axb5 13. Nxb5 Rxa1+ 14. Bxa1 Qa8
15. Bb2 Bxf3 16. gxf3 Qxf3 17. Rh2 Nb6 0-1

[Event "May TNT"]
[Site "Winnipeg CAN"]
[Date "2006.05.09"]
[Round "2"]
[White "Booth, Kevin"]
[Black "Lauritson, Jim"]
[Result "0-1"]
[WhiteElo "1574"]
[BlackElo "1894"]
[PlyCount "58"]
[EventDate "2006.05.02"]
[EventType "swiss"]
[EventRounds "2"]
[EventCountry "CAN"]

1. d4 Nf6 2. c4 e6 3. g3 Bb4+ 4. Nc3 Ne4 5. Qc2 f5 6. Bg2 d5 7. cxd5 exd5 8.
Bd2 Be7 9. Nf3 O-O 10. Nxe4 fxe4 11. Ne5 Nd7 12. Nxd7 Qxd7 13. Rc1 c6 14. Qb3
Qg4 15. f3 exf3 16. Bxf3 Qxd4 17. Bc3 Qe3 18. Bd2 Qxb3 19. axb3 Bh3 20. b4 Bf6
21. b3 Rae8 22. Bf4 Bd4 23. b5 g5 24. bxc6 gxf4 25. Bxd5+ Kh8 26. cxb7 f3 27.
Rc4 Bb6 28. Rf4 Rxf4 29. gxf4 f2+ 0-1

[Event "May TNT"]
[Site "Winnipeg CAN"]
[Date "2006.05.09"]
[Round "2"]
[White "Gibson, Fred"]
[Black "Evans, Brian"]
[Result "0-1"]
[WhiteElo "1187"]
[BlackElo "1438"]
[PlyCount "42"]
[EventDate "2006.05.02"]
[EventType "swiss"]
[EventRounds "2"]
[EventCountry "CAN"]

1. e4 c5 2. Nc3 d6 3. f4 Nc6 4. Nf3 Bg4 5. Bc4 Nf6 6. O-O e6 7. d3 Be7 8. Qe1
O-O 9. f5 exf5 10. Qh4 Nxe4 11. Qe1 Bxf3 12. Rxf3 Nd4 13. Rh3 Nxc2 14. Qe2 Nd4
15. Qh5 Nf6 16. Qg5 d5 17. Rg3 Ne6 18. Qxf5 dxc4 19. Bh6 Kh8 20. Bxg7+ Nxg7 21.
Qg5 Nfh5 0-1

[Event "May TNT"]
[Site "Winnipeg CAN"]
[Date "2006.05.09"]
[Round "2"]
[White "Kwiatek, Jordan"]
[Black "Rumpel, Chris"]
[Result "1-0"]
[WhiteElo "1839"]
[BlackElo "1607"]
[PlyCount "47"]
[EventDate "2006.05.02"]
[EventType "swiss"]
[EventRounds "2"]
[EventCountry "CAN"]

1. Nf3 d5 2. d4 Nf6 3. g3 e6 4. Bg2 c5 5. c4 Nc6 6. cxd5 Nxd5 7. O-O cxd4 8.
Nxd4 Bd7 9. e4 Nf6 10. Nb5 a6 11. Nd6+ Bxd6 12. Qxd6 Qe7 13. Qxe7+ Nxe7 14. Nd2
Bb5 15. Re1 e5 16. a4 Bc6 17. Nc4 Nd7 18. Nd6+ Kf8 19. Bh3 Nc5 20. Be3 Nxe4 21.
Nxe4 Bxe4 22. Bc5 Bc6 23. Rxe5 Re8 24. Rae1 1-0

[Event "May TNT"]
[Site "Winnipeg CAN"]
[Date "2006.05.09"]
[Round "2"]
[White "Lafreniere, Adrian"]
[Black "Rutter, Blair"]
[Result "0-1"]
[WhiteElo "1855"]
[BlackElo "1855"]
[PlyCount "58"]
[EventDate "2006.05.02"]
[EventType "swiss"]
[EventRounds "2"]
[EventCountry "CAN"]

1. e4 e6 2. Nf3 d5 3. exd5 exd5 4. d4 Nf6 5. Bd3 Be6 6. h3 Bd6 7. Be3 Nbd7 8.
Nbd2 Nf8 9. c3 Ng6 10. Qc2 c6 11. Ng5 Qd7 12. g3 b6 13. O-O-O c5 14. Nxe6 Qxe6
15. Bf5 Qe7 16. Bg5 O-O 17. Rde1 Qd8 18. Nf3 cxd4 19. Nxd4 Bc5 20. Qd3 Qd6 21.
h4 Ne5 22. Qe3 Rfe8 23. Bf4 Ne4 24. Bxe4 dxe4 25. Qxe4 f6 26. Nf5 Nd3+ 27. Kb1
Rxe4 28. Bxd6 Rxe1+ 29. Rxe1 Nxe1 0-1

[Event "May TNT"]
[Site "Winnipeg CAN"]
[Date "2006.05.09"]
[Round "2"]
[White "Oberton, Daniel"]
[Black "Gibbons, Lorne"]
[Result "1-0"]
[WhiteElo "1728"]
[BlackElo "1317"]
[PlyCount "41"]
[EventDate "2006.05.02"]
[EventType "swiss"]
[EventRounds "2"]
[EventCountry "CAN"]

1. e4 e5 2. f4 Nc6 3. Nf3 d6 4. Bc4 h6 5. d3 Bg4 6. c3 exf4 7. Bxf4 g5 8. Bg3
Na5 9. Nbd2 Ne7 10. O-O f5 11. exf5 Nxf5 12. Bf2 Nxc4 13. Nxc4 Qd7 14. Ne3 Nxe3
15. Bxe3 O-O-O 16. Qd2 Bxf3 17. Rxf3 Be7 18. Raf1 Rdf8 19. Qf2 Rxf3 20. Qxf3
Rf8 21. Qxf8+ 1-0

[Event "May TNT"]
[Site "Winnipeg CAN"]
[Date "2006.05.09"]
[Round "2"]
[White "Prince, Colin"]
[Black "Trueman, Francis"]
[Result "1-0"]
[WhiteElo "1876"]
[BlackElo "1438"]
[PlyCount "57"]
[EventDate "2006.05.02"]
[EventType "swiss"]
[EventRounds "2"]
[EventCountry "CAN"]

1. e4 d6 2. d4 Nf6 3. Nc3 g6 4. f4 Bg7 5. Nf3 O-O 6. h3 c6 7. Be3 Qb6 8. Qd2
Nh5 9. Kf2 f5 10. e5 dxe5 11. dxe5 Qd8 12. Bd3 Bh6 13. Ne2 e6 14. g4 Nxf4 15.
Bxf4 Bg7 16. g5 Nd7 17. h4 Qb6+ 18. Qe3 Qxb2 19. a4 Qb4 20. h5 Nc5 21. hxg6
hxg6 22. Rh4 Kf7 23. Rhh1 Ne4+ 24. Bxe4 fxe4 25. Nd2 Ke7 26. Rh7 Rf7 27. Nxe4
Bxe5 28. Rxf7+ Kxf7 29. Bxe5 1-0

[Event "May TNT"]
[Site "Winnipeg CAN"]
[Date "2006.05.09"]
[Round "2"]
[White "Silva, T Romeo"]
[Black "Khedkar, Jay"]
[Result "1/2-1/2"]
[WhiteElo "1682"]
[BlackElo "1854"]
[PlyCount "116"]
[EventDate "2006.05.02"]
[EventType "swiss"]
[EventRounds "2"]
[EventCountry "CAN"]

1. d4 Nf6 2. c4 e6 3. Nf3 b6 4. Nc3 Bb7 5. Bg5 Be7 6. e3 h6 7. Bh4 Ne4 8. Bxe7
Qxe7 9. Nxe4 Bxe4 10. a3 O-O 11. Bd3 Bb7 12. O-O f5 13. Re1 d6 14. Rc1 Nd7 15.
Bb1 Nf6 16. d5 Ne4 17. Qc2 e5 18. b4 a5 19. Red1 axb4 20. axb4 g5 21. Nd2 Nxd2
22. Rxd2 g4 23. Ba2 h5 24. c5 Rac8 25. g3 Ba6 26. Qa4 Bb7 27. Qa7 Rb8 28. cxb6
cxb6 29. Qxb6 Ba8 30. Qa5 Qb7 31. Rb2 Rfc8 32. Rc6 Qe7 33. Rbc2 Bxc6 34. dxc6+
Kg7 35. b5 Qc7 36. Qb4 Kf6 37. Qb3 Re8 38. Rb2 Re7 39. Qd3 Rb6 40. Rd2 e4 41.
Qxd6+ Qxd6 42. Rxd6+ Kg7 43. Bc4 Rc7 44. Kg2 Rb8 45. h3 Rb6 46. hxg4 hxg4 47.
Kf1 Rb8 48. Ke2 Ra7 49. Rd7+ Rxd7 50. cxd7 Kf6 51. Bd5 Ke7 52. Bc6 Kd6 53. Kd2
Rh8 54. Kc3 Kc7 55. Kd4 Kd6 56. Kc4 Rd8 57. Kb4 Rb8 58. Ka5 Kc7 1/2-1/2

[Event "May TNT"]
[Site "Winnipeg CAN"]
[Date "2006.05.09"]
[Round "2"]
[White "Wood, Nathan"]
[Black "Wierda, John"]
[Result "1-0"]
[WhiteElo "1577"]
[BlackElo "1791"]
[PlyCount "89"]
[EventDate "2006.05.02"]
[EventType "swiss"]
[EventRounds "2"]
[EventCountry "CAN"]

1. e4 e6 2. d4 d5 3. Nd2 Nf6 4. e5 Nfd7 5. Bd3 c5 6. c3 Nc6 7. Ngf3 Qb6 8. Qa4
a6 9. O-O Qa7 10. Re1 b5 11. Qd1 cxd4 12. cxd4 Nxd4 13. Nxd4 Qxd4 14. Nf3 Qb6
15. Ng5 Be7 16. Nxh7 Qc7 17. Qh5 Rg8 18. Ng5 g6 19. Qh7 Rf8 20. Nxf7 Rxf7 21.
Bxg6 Nxe5 22. Qh8+ Kd7 23. Rxe5 Bb7 24. Qh5 Bd6 25. Re2 Bxh2+ 26. Qxh2 Qxh2+
27. Kxh2 Rg7 28. Bh5 Rh8 29. Re5 Rf7 30. g4 Rxf2+ 31. Kg3 Rf1 32. b3 Rhf8 33.
Bb2 R1f3+ 34. Kh4 Rf2 35. Ba3 R8f4 36. Bc5 R2f3 37. Rae1 Kc6 38. Rc1 Kd7 39.
Bb6 Kd6 40. Bc7+ Kd7 41. Rg5 Rf7 42. Bxf7 Rxf7 43. Be5 Bc6 44. Rg7 Rxg7 45.
Bxg7 1-0

[Event "Mercredi 2006.10.11"]
[Site "Montreal CAN"]
[Date "2006.10.18"]
[Round "2"]
[White "Gauthier, Luc"]
[Black "Maharisoa, Tantely"]
[Result "0-1"]
[WhiteElo "1666"]
[BlackElo "1514"]
[PlyCount "84"]
[EventDate "2006.10.11"]
[EventType "swiss"]
[EventRounds "3"]
[EventCountry "CAN"]

1. e4 e6 2. d4 d5 3. e5 c5 4. c3 Nd7 5. Nf3 Ne7 6. Bd3 Nc6 7. O-O Qb6 8. Bc2
Be7 9. Re1 Qc7 10. Nbd2 cxd4 11. cxd4 Nb4 12. Bb1 b5 13. a3 Nc6 14. Nf1 a5 15.
Bd3 Qb6 16. Be3 Bb7 17. Rc1 b4 18. a4 b3 19. Bb5 Na7 20. Qxb3 Bb4 21. Bxd7+
Kxd7 22. Bd2 Nc6 23. Ne3 Nxd4 24. Nxd4 Qxd4 25. Bxb4 Qxb4 26. Qxb4 axb4 27. b3
Rhc8 28. Red1 Rc3 29. Rxc3 bxc3 30. Nc2 Ba6 31. Rd4 Kc6 32. f4 Rb8 33. b4 Bc4
34. Rd1 Kb6 35. Nd4 c2 36. Rc1 Bd3 37. Nb3 d4 38. Nc5 Bf5 39. Nd7+ Kb7 40. Nxb8
d3 41. Nd7 d2 42. Nc5+ Ka7 0-1

[Event "Mercredi 2006.10.11"]
[Site "Montreal CAN"]
[Date "2006.10.18"]
[Round "2"]
[White "Poliquin, Francois"]
[Black "Millette, Sylvain"]
[Result "0-1"]
[WhiteElo "1911"]
[BlackElo "1628"]
[PlyCount "51"]
[EventDate "2006.10.11"]
[EventType "swiss"]
[EventRounds "3"]
[EventCountry "CAN"]

1. e4 Nf6 2. e5 Nd5 3. d4 d6 4. Nf3 Bg4 5. Be2 c6 6. c4 Bxf3 7. Bxf3 Nb6 8.
exd6 Nxc4 9. dxe7 Bxe7 10. O-O O-O 11. b3 Nb6 12. Ba3 Bxa3 13. Nxa3 Nd5 14. Nc4
Na6 15. Rc1 Nac7 16. Qd2 Qf6 17. Rfd1 Rad8 18. Na5 Rb8 19. b4 Rfd8 20. a3 Ne6
21. Nb3 Ne7 22. Qc3 Ng5 23. Rd3 Nd5 24. Qc5 Qg6 25. Qc2 Nf4 26. Re3 0-1

[Event "Mercredi 2006.10.11"]
[Site "Montreal CAN"]
[Date "2006.10.25"]
[Round "3"]
[White "Maharisoa, Tantely"]
[Black "Poliquin, Francois"]
[Result "0-1"]
[WhiteElo "1514"]
[BlackElo "1911"]
[PlyCount "50"]
[EventDate "2006.10.11"]
[EventType "swiss"]
[EventRounds "3"]
[EventCountry "CAN"]

1. d4 d5 2. c4 c6 3. e3 Bf5 4. Nc3 Nf6 5. Nf3 e6 6. Be2 Be7 7. Nh4 Bg6 8. Nxg6
hxg6 9. Qb3 Qc7 10. h3 Nbd7 11. Bd2 O-O 12. g4 dxc4 13. Bxc4 e5 14. Bd3 exd4
15. exd4 Rad8 16. Bxg6 c5 17. dxc5 Nxc5 18. Qc4 Rxd2 19. Bxf7+ Rxf7 20. Kxd2
Nce4+ 21. Kd3 Nxf2+ 22. Kd4 Qf4+ 23. Ne4 Qxe4+ 24. Kc3 Nd5+ 25. Kb3 Rf3+ 0-1

[Event "Mercredi 2006.10.11"]
[Site "Montreal CAN"]
[Date "2006.10.25"]
[Round "3"]
[White "Millette, Sylvain"]
[Black "Gauthier, Luc"]
[Result "1-0"]
[WhiteElo "1628"]
[BlackElo "1666"]
[PlyCount "57"]
[EventDate "2006.10.11"]
[EventType "swiss"]
[EventRounds "3"]
[EventCountry "CAN"]

1. Nf3 f5 2. e4 fxe4 3. Ng5 Nc6 4. d3 e3 5. Bxe3 e5 6. Nf3 d5 7. d4 e4 8. Ne5
Nf6 9. Bb5 Bd7 10. Bxc6 bxc6 11. Bg5 Bd6 12. Bxf6 Qxf6 13. Nxd7 Kxd7 14. Qg4+
Ke7 15. c3 Rab8 16. b4 Bxb4 17. O-O Bd6 18. Nd2 Bxh2+ 19. Kxh2 Qh6+ 20. Kg1
Qxd2 21. Qf5 Qh6 22. c4 Qf6 23. Qg4 Rhf8 24. cxd5 cxd5 25. Rac1 c6 26. Qg3 Rb6
27. Qc7+ Ke8 28. Qxa7 Qxd4 29. Rxc6 1-0

[Event "Mercredi 2006.11.06"]
[Site "Montreal CAN"]
[Date "2006.11.06"]
[Round "1"]
[White "Bertin, Francois"]
[Black "Pilon, Denis"]
[Result "0-1"]
[WhiteElo "1055"]
[BlackElo "1256"]
[PlyCount "62"]
[EventDate "2006.11.06"]
[EventType "tourn"]
[EventRounds "3"]
[EventCountry "CAN"]

1. e4 e5 2. f4 Bc5 3. Nf3 d6 4. Nc3 Nc6 5. Bc4 Bg4 6. Na4 Bb6 7. Nxb6 axb6 8.
O-O Nd4 9. Bxf7+ Kf8 10. Bc4 exf4 11. d3 Nxf3+ 12. gxf3 Bh3 13. Rf2 Qh4 14. Qe2
Ra5 15. Bd2 Rg5+ 16. Kh1 h5 17. Be1 Rg6 18. Bd2 Rhh6 19. Rg1 Rg5 20. Rxg5 Qxg5
21. Rg2 Bxg2+ 22. Qxg2 Qxg2+ 23. Kxg2 g5 24. Kh3 Rg6 25. d4 g4+ 26. Kg2 Rf6 27.
e5 dxe5 28. dxe5 Rf5 29. Bc3 Ne7 30. Be6 Rg5 31. Bd2 Rxe5 0-1

[Event "Mercredi 2006.11.06"]
[Site "Montreal CAN"]
[Date "2006.11.06"]
[Round "1"]
[White "Frangulian, Eric"]
[Black "Durbaca, Ionut"]
[Result "0-1"]
[WhiteElo "1320"]
[BlackElo "1308"]
[PlyCount "96"]
[EventDate "2006.11.06"]
[EventType "tourn"]
[EventRounds "3"]
[EventCountry "CAN"]

1. e4 e5 2. Nf3 d6 3. d4 exd4 4. Nxd4 g6 5. Bc4 Bg7 6. Nc3 Nc6 7. Be3 Ne5 8.
Bb3 a6 9. a3 Ng4 10. Qd2 Nxe3 11. Qxe3 Nf6 12. h3 O-O 13. O-O-O c5 14. Nde2 b5
15. Bd5 Nxd5 16. Nxd5 Bb7 17. Qd3 Re8 18. Kb1 Bc6 19. f3 Qb8 20. Nf6+ Bxf6 21.
Qxd6 Bxe4 22. fxe4 Qxd6 23. Rxd6 Rxe4 24. Rxf6 Rxe2 25. g4 Re3 26. h4 Re6 27.
Rhf1 Rxf6 28. Rxf6 Kg7 29. g5 h6 30. Kc1 c4 31. Kd2 hxg5 32. hxg5 Rd8+ 33. Kc3
a5 34. Rb6 Rd5 35. Ra6 a4 36. Rb6 Rxg5 37. Kb4 Re5 38. Rxb5 Rxb5+ 39. Kxb5 Kf6
40. Kxc4 Kf5 41. Kd3 Kf4 42. c4 Ke5 43. b4 axb3 44. a4 g5 45. a5 Kd6 46. a6 Kc6
47. c5 g4 48. a7 Kb7 0-1

[Event "Mercredi 2006.11.06"]
[Site "Montreal CAN"]
[Date "2006.11.06"]
[Round "1"]
[White "Gauthier, Luc"]
[Black "Neumark-Gaudet, Zev"]
[Result "1-0"]
[WhiteElo "1679"]
[BlackElo "1473"]
[PlyCount "43"]
[EventDate "2006.11.06"]
[EventType "tourn"]
[EventRounds "3"]
[EventCountry "CAN"]

1. e4 c5 2. Nc3 e6 3. f4 d5 4. Bb5+ Nc6 5. exd5 exd5 6. Bxc6+ bxc6 7. Nf3 Bg4
8. O-O Nf6 9. d3 Be7 10. Qe1 Bxf3 11. Rxf3 O-O 12. f5 Re8 13. Qd1 Qb6 14. Ne2
d4 15. Ng3 Bd6 16. Bg5 Nd5 17. Ne4 Bf8 18. f6 h6 19. Bxh6 Nxf6 20. Nxf6+ gxf6
21. Rg3+ Bg7 22. Bxg7 1-0

[Event "Mercredi 2006.11.06"]
[Site "Montreal CAN"]
[Date "2006.11.06"]
[Round "1"]
[White "Millette, Sylvain"]
[Black "Maharisoa, Tantely"]
[Result "0-1"]
[WhiteElo "1612"]
[BlackElo "1611"]
[PlyCount "98"]
[EventDate "2006.11.06"]
[EventType "tourn"]
[EventRounds "3"]
[EventCountry "CAN"]

1. Nf3 d5 2. g3 Nf6 3. c4 e6 4. Bg2 Bd6 5. O-O O-O 6. d3 c6 7. b3 e5 8. cxd5
cxd5 9. Nc3 Bb4 10. Bb2 d4 11. Nb1 Nc6 12. Nbd2 Be6 13. a3 Ba5 14. b4 Bc7 15.
Ng5 Bd5 16. Nge4 Nxe4 17. Nxe4 f5 18. Nc5 Bxg2 19. Kxg2 Qd5+ 20. f3 b6 21. Qb3
Qxb3 22. Nxb3 Rac8 23. Rac1 Ne7 24. Rc2 Nd5 25. Bc1 Bd6 26. Rxc8 Rxc8 27. Bd2
Rc2 28. Rc1 Rb2 29. Rc8+ Kf7 30. Rc6 Ke7 31. Bg5+ Kd7 32. Nxd4 exd4 33. Rc4
Ne3+ 34. Bxe3 dxe3 35. Kf1 g5 36. h4 Bxg3 37. hxg5 f4 38. Rd4+ Ke6 39. Rc4 Rb1+
40. Kg2 Bf2 41. Rxf4 Rg1+ 42. Kh3 Rxg5 43. Rc4 Rg1 44. a4 Re1 45. Rc2 Rd1 46.
a5 bxa5 47. bxa5 Rd2 48. Rc7 Rxe2 49. Rxa7 Ra2 0-1

[Event "Mercredi 2006.11.06"]
[Site "Montreal CAN"]
[Date "2006.11.06"]
[Round "1"]
[White "Millette, Sylvain"]
[Black "Maharisoa, Tantely"]
[Result "0-1"]
[WhiteElo "1612"]
[BlackElo "1611"]
[PlyCount "124"]
[EventDate "2006.11.06"]
[EventType "tourn"]
[EventRounds "3"]
[EventCountry "CAN"]

1. Nf3 d5 2. g3 Nf6 3. Bg2 e6 4. O-O Bd6 5. d4 O-O 6. Nbd2 c6 7. c3 Re8 8. Qc2
Nfd7 9. e4 Nf8 10. e5 Be7 11. b4 a5 12. Qb3 axb4 13. cxb4 Qb6 14. Rb1 Na6 15.
a3 Nc7 16. Ne1 Nb5 17. Nef3 Nxd4 18. Nxd4 Qxd4 19. Nf3 Qa7 20. Bb2 Bd7 21. Ra1
Rab8 22. Rfc1 b6 23. Qc2 c5 24. bxc5 bxc5 25. a4 Rb4 26. a5 Rc4 27. Qd2 Rxc1+
28. Qxc1 Bb5 29. Bf1 Bxf1 30. Qxf1 Nd7 31. Bc1 Nb8 32. Qb5 Rc8 33. Qb6 Nc6 34.
Qxa7 Nxa7 35. Rb1 Ra8 36. Ba3 Nc6 37. Rb6 Rxa5 38. Rxc6 Rxa3 39. Rc7 Rxf3 40.
Rxe7 Kf8 41. Rc7 c4 42. Kg2 Rb3 43. Kf1 g5 44. Ke1 h5 45. Ke2 g4 46. Kd2 Rf3
47. Ke2 c3 48. h3 d4 49. hxg4 hxg4 50. Rd7 c2 51. Rc7 d3+ 52. Kd2 Kg7 53. Rc4
f5 54. exf6+ Kxf6 55. Rc5 e5 56. Rc6+ Kf5 57. Rc5 Ke4 58. Rc4+ Kd5 59. Rc8 e4
60. Ke1 e3 61. fxe3 Rxe3+ 62. Kd2 Rxg3 0-1

[Event "Mercredi 2006.11.06"]
[Site "Montreal CAN"]
[Date "2006.11.13"]
[Round "2"]
[White "Bertin, Francois"]
[Black "Frangulian, Eric"]
[Result "0-1"]
[WhiteElo "1055"]
[BlackElo "1320"]
[PlyCount "74"]
[EventDate "2006.11.06"]
[EventType "tourn"]
[EventRounds "3"]
[EventCountry "CAN"]

1. e4 e6 2. d3 d5 3. Nd2 c5 4. Ngf3 Nc6 5. g3 Nf6 6. Bg2 Be7 7. O-O O-O 8. Re1
Qc7 9. e5 Nd7 10. Qe2 b5 11. Nf1 Bb7 12. h4 Rae8 13. N1h2 f5 14. Bf4 a6 15. Ng5
Bxg5 16. hxg5 Nd4 17. Qd2 Qd8 18. c3 Nc6 19. Nf3 Ne7 20. d4 c4 21. Nh4 Ng6 22.
Bf3 Nxh4 23. gxh4 g6 24. Kh2 Rf7 25. h5 Rg7 26. Rh1 Nf8 27. Kg2 gxh5 28. Rxh5
Ng6 29. Be3 Rf8 30. Bf4 Bc6 31. Rah1 Be8 32. Rh6 Nxf4+ 33. Qxf4 Qxg5+ 34. Qxg5
Rxg5+ 35. Kf1 Bg6 36. R6h4 Kg7 37. Be2 f4 0-1

[Event "Mercredi 2006.11.06"]
[Site "Montreal CAN"]
[Date "2006.11.13"]
[Round "2"]
[White "Teasdale, Alain"]
[Black "Durbaca, Ionut"]
[Result "1/2-1/2"]
[WhiteElo "1413"]
[BlackElo "1308"]
[PlyCount "86"]
[EventDate "2006.11.06"]
[EventType "tourn"]
[EventRounds "3"]
[EventCountry "CAN"]

1. e4 e5 2. Nf3 d6 3. d4 Nc6 4. dxe5 Nxe5 5. Nxe5 dxe5 6. Qxd8+ Kxd8 7. Bc4 f6
8. O-O Bc5 9. Rd1+ Ke7 10. h3 Be6 11. Bxe6 Kxe6 12. Nc3 c6 13. Na4 Bd6 14. c4
Ne7 15. c5 Bc7 16. Be3 g5 17. b4 Rad8 18. Nb2 h5 19. Nc4 Nc8 20. a4 Rxd1+ 21.
Rxd1 Rd8 22. Rxd8 Bxd8 23. b5 cxb5 24. axb5 b6 25. c6 Nd6 26. Nxd6 Kxd6 27. Kf1
a6 28. bxa6 Kxc6 29. Ke2 Kc7 30. Kd3 Kc6 31. g3 Bc7 32. f3 Bb8 33. Kc4 Ba7 34.
Kb4 Bb8 35. h4 Bd6+ 36. Kc4 gxh4 37. gxh4 Bc7 38. Bf2 b5+ 39. Kb3 Bd6 40. a7
Kb7 41. Kc3 b4+ 42. Kc4 Be7 43. Be3 Ka8 1/2-1/2

[Event "Mercredi 2006.11.06"]
[Site "Montreal CAN"]
[Date "2006.11.20"]
[Round "3"]
[White "Bertin, Francois"]
[Black "Durbaca, Ionut"]
[Result "1-0"]
[WhiteElo "1055"]
[BlackElo "1308"]
[PlyCount "79"]
[EventDate "2006.11.06"]
[EventType "tourn"]
[EventRounds "3"]
[EventCountry "CAN"]

1. e4 Nh6 2. d4 g6 3. Nc3 f6 4. Nf3 Nf7 5. Bc4 e6 6. Qe2 Bg7 7. Be3 a6 8. O-O
O-O 9. Nd2 b5 10. Bd3 Bb7 11. d5 c6 12. Nb3 e5 13. Nc5 Bc8 14. a4 b4 15. Nb1 d6
16. Ne6 Bxe6 17. dxe6 Nh8 18. Bc4 d5 19. exd5 cxd5 20. Rd1 d4 21. e7+ Nf7 22.
exd8=Q Rxd8 23. c3 a5 24. cxd4 exd4 25. Rxd4 Re8 26. Qf3 Ra7 27. Nd2 Kh8 28.
Ne4 Ne5 29. Qe2 Nbc6 30. Rd6 f5 31. Ng5 Rae7 32. Qc2 h6 33. Ne6 Nxc4 34. Qxc4
Bxb2 35. Rad1 Ne5 36. Bd4 Bxd4 37. Qxd4 Rxe6 38. Rxe6 Rxe6 39. Re1 Kh7 40. Rxe5
1-0

[Event "Mercredi 2006.11.06"]
[Site "Montreal CAN"]
[Date "2006.11.20"]
[Round "3"]
[White "Maharisoa, Tantely"]
[Black "Gauthier, Luc"]
[Result "0-1"]
[WhiteElo "1611"]
[BlackElo "1639"]
[PlyCount "70"]
[EventDate "2006.11.06"]
[EventType "tourn"]
[EventRounds "3"]
[EventCountry "CAN"]

1. d4 d5 2. c4 e5 3. e3 Nc6 4. cxd5 Qxd5 5. Nc3 Bb4 6. a3 Bxc3+ 7. bxc3 Nf6 8.
h3 exd4 9. cxd4 O-O 10. Nf3 Bf5 11. Bd3 Bxd3 12. Qxd3 Rad8 13. O-O Rfe8 14. Bb2
Ne4 15. Rfd1 Re6 16. Nd2 Nxd2 17. Rxd2 Ne5 18. e4 Qd7 19. Qc3 Rc6 20. Qg3 Nc4
21. d5 Rg6 22. Qc3 Nxd2 23. Qxd2 Qxh3 24. f3 Qxf3 25. Re1 h5 26. Be5 c6 27. d6
Qxa3 28. Bh2 Qc5+ 29. Kh1 Rgxd6 30. Bxd6 Rxd6 31. Qf4 Re6 32. Qb8+ Kh7 33. Qc7
Qf2 34. Rb1 Rxe4 35. Qxb7 Rh4# 0-1

[Event "Mercredi 2006.11.06"]
[Site "Montreal CAN"]
[Date "2006.11.20"]
[Round "3"]
[White "Millette, Sylvain"]
[Black "Neumark-Gaudet, Zev"]
[Result "1/2-1/2"]
[WhiteElo "1612"]
[BlackElo "1473"]
[PlyCount "96"]
[EventDate "2006.11.06"]
[EventType "tourn"]
[EventRounds "3"]
[EventCountry "CAN"]

1. Nf3 e6 2. g3 d5 3. c4 c6 4. cxd5 exd5 5. b3 Nf6 6. Bb2 Bd6 7. Bg2 Bg4 8. Qc2
Nbd7 9. d3 O-O 10. Nbd2 Re8 11. e3 Qb6 12. O-O Bf5 13. Rae1 Ne5 14. Nxe5 Bxe5
15. e4 dxe4 16. dxe4 Bxb2 17. exf5 Bd4 18. Ne4 Nxe4 19. Rxe4 Rxe4 20. Qxe4 Rd8
21. Qc2 Bf6 22. Re1 h6 23. Qe2 Bc3 24. Rd1 Rxd1+ 25. Qxd1 Qd4 26. Qxd4 Bxd4 27.
Kf1 Kf8 28. Ke2 Ke7 29. f3 Kd6 30. Kd3 Bf6 31. b4 c5 32. Kc4 cxb4 33. f4 b6 34.
Kxb4 Bd4 35. h3 Bf2 36. g4 a6 37. Bf1 a5+ 38. Kb5 Ke7 39. g5 h5 40. h4 Bxh4 41.
Be2 g6 42. fxg6 fxg6 43. Bd3 Kf7 44. Kxb6 Be1 45. f5 gxf5 46. Bxf5 h4 47. a4 h3
48. Bxh3 Kg6 1/2-1/2

[Event "Mercredi 2006.11.06"]
[Site "Montreal CAN"]
[Date "2006.11.20"]
[Round "3"]
[White "Teasdale, Alain"]
[Black "Pilon, Denis"]
[Result "1-0"]
[WhiteElo "1413"]
[BlackElo "1256"]
[PlyCount "117"]
[EventDate "2006.11.06"]
[EventType "tourn"]
[EventRounds "3"]
[EventCountry "CAN"]

1. e4 e5 2. Nf3 Nc6 3. Bb5 a6 4. Ba4 Nf6 5. O-O b5 6. Bb3 Be7 7. c3 d6 8. Re1
Na5 9. Bc2 c5 10. h3 c4 11. d4 cxd3 12. Bxd3 Qc7 13. Nbd2 O-O 14. Nf1 Bb7 15.
Ng3 Rad8 16. Nf5 Rd7 17. Nxe7+ Rxe7 18. Bg5 Re6 19. Qd2 Nc4 20. Qc1 Nd7 21. b3
Nc5 22. Bc2 Nb6 23. Nh4 h6 24. Bd2 Qd8 25. Nf5 Qf6 26. f3 Kh7 27. Be3 Rc8 28.
b4 Ncd7 29. Bb3 Nc4 30. Bf2 d5 31. exd5 Bxd5 32. Bh4 g5 33. Bf2 e4 34. Nd4 Ree8
35. Bc2 Nd6 36. Qd2 Kg8 37. Nxb5 axb5 38. Qxd5 exf3 39. Rxe8+ Rxe8 40. Qxf3
Qxf3 41. gxf3 Re2 42. Bb3 Ne5 43. Bd5 Nd3 44. Bd4 Nf4 45. Kf1 Rh2 46. Kg1 Rxh3
47. a4 Nxd5 48. a5 Nc7 49. a6 Rxf3 50. a7 Na8 51. Ra6 Ne8 52. Rxh6 f6 53. Rh2
Kf7 54. Rh7+ Ke6 55. Rb7 Nd6 56. Rb8 Kd7 57. Rxa8 Nc8 58. Rxc8 Kxc8 59. a8=Q+
1-0